Diccionario jurídico rumano-español /

Bibliographic Details
Main Author: Moloman, Bogdan Dumitru (Author)
Other Authors: Kemelmajer de Carlucci, Aída (contributor agent of text.), Merlo, Leandro Martín (contributor agent of text.)
Format: Electronic eBook
Language:Spanish
Published: Santiago, Chile : Ediciones Olejnik, [2022]
Series:Biblioteca de derecho global.
Subjects:
Online Access:Digitalia Hispánica

MARC

LEADER 00000nam a2200000Ii 4500
001 DIGOLEJNK1159
003 NyNyDIG
006 m o d
007 cr |||||||||||
008 251203s2022 cl od 000 0 spa d
035 |a (OCoLC)1427225827 
040 |a DGITA  |b eng  |e rda  |e pn  |c DGITA 
020 |z 9789564072470 
050 1 4 |a PC781.S7 ebook 
100 1 |a Moloman, Bogdan Dumitru,  |e author. 
245 1 0 |a Diccionario jurídico rumano-español /  |c Bogdan D. Moloman ; prólogo, Aída Kemelmajer de Carlucci, Leandro Melo. 
264 1 |a Santiago, Chile :  |b Ediciones Olejnik,  |c [2022] 
300 |a 1 online resource. 
336 |a text  |b txt  |2 rdacontent 
337 |a computer  |b c  |2 rdamedia 
338 |a online resource  |b cr  |2 rdacarrier 
347 |a text file  |2 rdaft 
347 |b PDF 
490 1 |a Biblioteca de derecho global  
588 0 |a Online resource; title from PDF title page (Digitalia, viewed December 3, 2025) 
650 0 |a Romanian language  |v Dictionaries  |x Spanish. 
650 0 |a Spanish language  |v Dictionaries  |x Romanian. 
655 7 |a Dictionaries.  |2 lcgft 
700 1 |a Kemelmajer de Carlucci, Aída,  |e contributor agent of text. 
700 1 |a Merlo, Leandro Martín,  |e contributor agent of text. 
791 2 |a Digitalia (Firm),  |e distributor. 
793 0 |g Digitalia eBook Collection:  |a Ediciones Olejnik 
776 0 8 |i Print version:  |a Moloman, Bogdan Dumitru.  |t Diccionario jurídico rumano-español.  |b Primera edición en Ediciones Olejnik.  |d Santiago, Chile : Ediciones Olejnik, 2022  |z 9789564072470 
830 0 |a Biblioteca de derecho global.  
856 4 0 |3 Digitalia Hispánica  |u https://www.digitaliapublishing.com/a/157665/ 
910 |a Premium collection: 2025